00286 a2200133 450000100060000002000180000604000220002410000170004624000300006324500250009330000080011836200090012665000170013565688 a9788580572872 cAnchieta - Pituba aKhan, Salman10aUm mundo, uma escolalpor10aUm mundo, uma escola a2550 a2013 4aEducação